Statistiques concernant 2018 Open d'Australie: pays avec les têtes de série numéro 1-32

Cliquez ici pour prendre le quiz!

Statistiques générales

  • Ce quiz a été pris 79 fois
  • Le résultat moyen est 23 sur 30

Statistiques - réponses

hommesfemmestotalpays% Correct
415Espagne
100%
347Etats-Unis
100%
426France
100%
145Russie
100%
11Royaume-Uni
96%
22Suisse
96%
11Serbie
95%
11Canada
94%
325Allemagne
92%
11Italie
92%
22Argentine
90%
123Australie
88%
11Chine
84%
112Croatie
84%
11Belgique
83%
145Tchequie
81%
11Autriche
75%
11Pologne
75%
11Roumanie
75%
11Ukraine
74%
11Pays-Bas
73%
11Bulgarie
71%
22Slovaquie
65%
11Danemark
61%
11Afrique du Sud
56%
22Lettonie
56%
11Bosnie-Herzégovine
49%
11Estonie
49%
11Luxembourg
26%
11Uruguay
23%

Distribution des résultats

Percentile par nombre de réponses

% des personnes avec chaque résultat

Votre développement - résultats

Vous n’avez pas pris ce quiz